00451nam a2200157 a 450000100100000000500170001000800410002704000250006808200200009310000310011324500470014426000290019130000220022065000240024265000270026600001605720240412074244.0100224s1909 fr 000 0 spa d aDO-SdBNPbspacBNPHU aRD861.42bP438o1 aPérez Alfonseca, Ricardo10aOda de un yo /cRicardo Pérez Alfonseca. aParís :bAriel,c1909. a[21] p. ;c20 cm. 0aPoesía dominicana 0aLiteratura dominicana.